Grammarway 2 with Answers

Bibliographic Details
Main Author: Dooley J. Jenny
Other Authors: Evans V. Virginia
Summary:Вторая книга из серии Grammarway из 4-х книг, полностью иллюстрирована. Разработана для изучающих английский язык от начального и до среднего уровня. В данном учебном пособии систематически тренируются и закрепляются английские грамматические конструкции. Эту серию книг можно использовать как дополнительный компонент к любому основному курсу, а также для самостоятельной работы. В конце пособия приведены ответы на все задания.
Language:English
Published: Newbury, Express Publishing, 2008
Edition:6-ed
Series:English Grammar Book
Subjects:
Format: MixedMaterials Book
KOHA link:https://koha.lib.tpu.ru/cgi-bin/koha/opac-detail.pl?biblionumber=192672

MARC

LEADER 00000nam0a2200000 4500
001 192672
005 20231101224431.0
010 |a 9781842163665 
035 |a (RuTPU)RU\TPU\book\210095 
035 |a RU\TPU\book\139140 
090 |a 192672 
100 |a 20110305d2008 m y0engy50 ba 
101 0 |a eng 
102 |a GB 
105 |a a j 000zy 
200 1 |a Grammarway 2 with Answers  |f J. Dooley, V. Evans 
205 |a 6-ed 
210 |a Newbury  |c Express Publishing  |d 2008 
215 |a 192 p.  |c il. 
225 1 |a English Grammar Book 
330 |a Вторая книга из серии Grammarway из 4-х книг, полностью иллюстрирована. Разработана для изучающих английский язык от начального и до среднего уровня. В данном учебном пособии систематически тренируются и закрепляются английские грамматические конструкции. Эту серию книг можно использовать как дополнительный компонент к любому основному курсу, а также для самостоятельной работы. В конце пособия приведены ответы на все задания. 
606 1 |a Английский язык  |x Учебные руководства и пособия для высшей школы  |x Пособия по грамматике  |2 stltpush  |3 (RuTPU)RU\TPU\subj\29073  |9 52485 
610 1 |a грамматика 
610 1 |a упражнения 
610 1 |a грамматические трудности 
610 1 |a грамматические формы 
686 |a Ш143.21-923.2  |v LBC/SL-A  |2 rubbk 
700 1 |a Dooley  |b J.  |g Jenny 
701 1 |a Evans  |b V.  |g Virginia 
801 1 |a RU  |b 63413507  |c 20080109  |g PSBO 
801 2 |a RU  |b 63413507  |c 20200601  |g PSBO 
942 |c BK